Les Traitres - M6 - Saison 3 - Statistiques

Statistiques générales
  • Ce quiz a été pris 59 fois
  • Le résultat moyen est 12 sur 20
Statistiques - réponses
Statut Occupation Rôle Candidats % Correct
Vainqueurs Animateur de télévision Traitre Laurent Ruquier
92%
Troisième Youtubeuse Loyale Studio Danielle
90%
Vainqueurs Chroniqueur TV Traitre Hugo Manos
87%
Éliminé (Conseil) Infleunceuse et videaste Traitre Crazy Sally
85%
Éliminée (Conseil Final) Acteur et comédien de Caméra café Loyal Bruno Solo
82%
Éliminé (Traîtres) Miss France 2002 et ancienne directrice générale du Comité Miss France Loyale Sylvie Tellier
77%
Éliminé (Conseil) Actrice dont les sagas Camping et Qu'est ce qu'on a fait au bon dieu Traitre Frederique Bel
74%
Éliminé (Traitres) Chanteuse, Eurovision Junior 2019, Bim Bam Boum Loyale Carla Lazzari
72%
Éliminé (Traitres) Rappeur et acteur Loyal Stomy Bugsy
69%
Éliminé (Conseil Final) Youtubeur Loyal Arthur Lombard
56%
Éliminée (Conseil Final) Chanteur et comédien Loyal Gwendal Marimoutou
56%
Éliminé (Traîtres) Deuxième plus grand champion du jeu Les Douze Coups de Midi Loyal Bruno Hourcade
49%
Éliminé (Conseil) Youtubeuse, actrice et ecrivaine Loyale Emy LTR
46%
Éliminé (Traîtres) Journaliste et chroniqueuse, ex-Première Dame de France Loyale Valerie Trierweiler
46%
Éliminé (Traitres) Rugbyman Loyal Maxime Mermoz
41%
Éliminé (Traîtres) Actrice, humoriste et danseuse Loyale Julie Ferrier
38%
Éliminé (Conseil) Ecrivain et ancien capitaine de police Loyal Romain Puértolas
38%
Éliminé (Conseil) Acteur dont la saga Taxi et Emily in Paris Loyal Jean-Christophe Bouvet
36%
Éliminé (Conseil) Actrice dont Hélène et les Garçons et Les Mystères de l'amour Loyale Laly Maignan
36%
Éliminé (Conseil) Journaliste et écrivain, ancien chroniqueur de Quotidien Loyal Azzeddine Ahmed-Chaouche
8%
Aucun quiz correspondant
Distribution des résultats
% des personnes avec chaque résultat
Percentile par nombre de réponses
Votre historique - résultats
Vous n’avez pas pris ce quiz